000 02335cam a2200457 i 4500
999 _c41774
_d41774
001 18240920
003 OSt
005 20221109104325.0
008 140722s2015 enka b 001 0 eng
010 _a 2014028955
020 _a9781119998884 (cloth)
020 _a9781119998877 (pbk.)
035 _a(DNLM)101637477
040 _aDNLM/DLC
_beng
_cDLC
_erda
_dDLC
042 _apcc
050 0 0 _aQK981.4
_b.G76 2015
060 1 0 _aQK 981
082 0 0 _a572.82
_223
_bGRO/P
100 1 _aGrotewold, Erich
_eauthor.
_99284
245 1 0 _aPlant genes, genomes, and genetics /
_cErich Grotewold, The Ohio State University, USA, Joseph Chappell, University of Kentucky, USA, Elizabeth A. Kellogg, Donald Danforth Plant Science Center, St. Louis, Missouri, USA.
264 1 _aChichester, West Sussex, UK ;
_aHoboken, NJ, USA :
_bJohn Wiley & Sons Inc.,
_c2015.
300 _axix, 239 pages :
_billustrations ;
_c26 cm
336 _atext
_2rdacontent
337 _aunmediated
_2rdamedia
338 _avolume
_2rdacarrier
504 _aIncludes bibliographical references and index.
505 0 _aThe plant genetic material -- The genome landscape : plastic and dynamic -- Transposable elements -- Centromeres, telomeres and chromatin -- Organelle genomes -- RNA -- The plant RNA polymerases -- Making mRNAs : control of transcription by RNP-II -- Controlling nuclear transcription -- Control of transcription factor function -- Small RNAs -- Chromatin and gene expression -- RNA processing and transport -- Fate of RNA -- Translation of RNA -- Protein folding and transport -- Protein degradation.
650 0 _aPlant molecular genetics.
650 0 _aPlant gene expression.
650 0 _aGenomics.
650 1 2 _aPlants
_xgenetics.
650 2 2 _aGenomics.
650 2 2 _aPlant Physiological Phenomena.
650 2 2 _aRNA, Plant
_xgenetics.
700 1 _aChappell, Joseph,
_eauthor.
700 1 _aKellogg, Elizabeth Anne,
_eauthor.
776 0 8 _iOnline version:
_aGrotewold, Erich, author.
_tPlant genes, genomes, and genetics
_dChichester, West Sussex, UK ; Hoboken, NJ : John Wiley & Sons Inc., 2015
_z9781118539361
_w(DLC) 2014029985
906 _a7
_bcbc
_corignew
_d1
_eecip
_f20
_gy-gencatlg
942 _2ddc
_cBK
_h572.82
_iGRO/P
_k572.82
_mGRO/P